| 000 | 00676cam a2200205 4500 | ||
|---|---|---|---|
| 008 | 000000n1992 000 0 eng u | ||
| 020 | _a0419178309 | ||
| 035 | _a(Sirsi) u110797 | ||
| 050 | _a690 | ||
| 100 | _aGroak, Steven | ||
| 245 | 4 | _aThe idea of building : thought and action in the design and production of buildings. | |
| 260 |
_aLondon _bE & F N Spon _c1992 |
||
| 300 | _axvii,249p. : ill. ; 22cm. | ||
| 350 | _a9.95 | ||
| 520 | _aBook commissioned by the Building Centre Trust to mark the 60th anniversary of the Building Centre. | ||
| 650 | _aALVAR AALTO | ||
| 650 | _aBUILT ENVIRONMENT-CONSTRUCTION DESIGN | ||
| 690 | _aBUILT ENVIRONMENT | ||
| 942 | _n0 | ||
| 999 |
_c101131 _d101131 |
||